000 00627cam a22002053a 4500
001 43924
003 PGUSA
005 20140828084012.0
008 131010s2013||||xxu|||||s|||||000 | eng d
040 _aPGUSA
_beng
042 _adc
100 1 _aJéquier, Gustave
245 1 0 _aHistoire de la civilisation égyptienne :
_bDes origines à la conquête d'Alexandre
_h[electronic resource] /
_cGustave Jéquier
260 _bProject Gutenberg,
_c2013
506 _aPublic domain in the USA.
516 _aElectronic text
830 0 _aProject Gutenberg
_v43924
856 4 0 _uhttp://www.gutenberg.org/ebooks/43924
942 _cEB
999 _c273175
_d273175